000 01189nam0a22002771 4500
001 rc\3809593
005 20260407144645.0
021 _aRU
_bРг10415-76
035 _a(NLR Aleph) 007260258
090 _a5299935
_c5299935
100 _a20120329d1976 |||y0rusy50 ca
101 0 _arus
102 _aRU
105 _ay c |||||
200 1 _aГеодезические приборы и инструменты
_eУказ. авт. свидетельств СССР (1969-1974 гг.)
_fГосстрой СССР. Гл. упр. проектных организаций. Укр. гос. ин-т инж.-техн. изысканий. (УкрГИИНТИЗ). Сектор науч.-техн. информации
210 _aКиев
_cБ. и.
_d1976
215 _a8 с.
_d20
300 _aСост. указан на 8-й с.
309 _aБез тит. л. и обл.
700 1 _aДемидчук
_bН.П.
712 0 2 _aУкраинский институт инженерно-технических изысканий
_cКиев
_3RU\NLR\AUTH\8810020291
_9538581
801 0 _aRU
_bNLR
_gpsbo
801 1 _aRU
_bELAR
_2rusmarc
852 _aNLR
_jПт 10.21/77
942 _cBOOK
980 _aNB